000 00412nam a2200145Ia 4500
008 100122s9999 xx 000 0 und d
082 _b28176
_a823
100 _aआठल्ये अनिल
245 _aसुप्रभात
260 _bप्रमोद प्रकाशन
_c1905
300 _a153
630 _aसुप्रभात
730 _aसुप्रभात
942 _cBOOK
999 _c413941
_d413938